| 000 | 00595nam a22001337a 4500 | ||
|---|---|---|---|
| 040 | _cRUA | ||
| 082 | _aFIS TOR 2012 B184 Or.1 | ||
| 100 | _aTOR, KANAYA. | ||
| 245 | _aSimple selection programe of tilapia from different source, កម្មវិធីជម្រើសពូជទីឡាព្យាតាមបែបសាមញ្ញដោយមេបាមានប្រភេទខុសគ្នា | ||
| 260 |
_aPhnom Penh _bRUA _c2012 |
||
| 300 |
_ax; 39p. _bill. _c29cm. |
||
| 856 | _uhttps://drive.google.com/file/d/1UvjQog1nArd5EWHVM8T1V9CRg9BrBFWk/view?usp=sharing | ||
| 942 | _cFIS | ||
| 999 |
_c4050 _d4050 |
||